| 000 | 01087nac a22003131i 4500 | ||
|---|---|---|---|
| 003 | EG-ScBUE | ||
| 005 | 20240528102848.0 | ||
| 008 | 240528s2007 mauab f b 001 0 eng d | ||
| 020 | _a9780312437367 (pbk.) | ||
| 020 | _a0312437366 (pbk.) | ||
| 040 |
_aEG-ScBUE _beng _erda _cEG-ScBUE _dEG-ScBUE |
||
| 082 | 0 | 4 |
_a956.9405 _bSMI _222 |
| 100 | 1 |
_aSmith, Charles D., _eauthor. |
|
| 240 | _f | ||
| 245 | 1 | 0 |
_aPalestine and the Arab-Israeli conflict / _cCharles D. Smith, University of Arizona. |
| 250 | _aSixth edition. | ||
| 264 | 1 |
_aBoston : _bBedford/St. Martin's, _c2007. |
|
| 300 |
_axxii, 598 pages : _billustrations, maps ; _c24 cm |
||
| 336 |
_2rdacontent _atext _btxt |
||
| 337 |
_aunmediated _2rdamedia _bn |
||
| 338 |
_avolume _bnc _2rdacarrier |
||
| 504 | _aIncludes bibliographical references and index. | ||
| 650 | 7 |
_aArab-Israeli conflict. _2BUEsh |
|
| 650 | 7 |
_aArab-Israeli conflict _vSources. _2BUEsh |
|
| 651 | 7 |
_aPalestine _xHistory _y20th century. _2BUEsh |
|
| 651 | 7 |
_aPalestine _xHistory _y20th century. _2BUEsh |
|
| 655 | _vReading book | ||
| 942 |
_cBB _2ddc |
||
| 999 |
_c8381 _d8381 |
||